=LDR 00000nam 2200000 4500 =001 NUTBA000000000002784 =005 20140630094413.0 =006 =007 =008 =020 ##$$a 978-602-7906-03-5 =035 ##$$a 0010-061400000000727 =040 ##$$a NBPDMAT =082 ##$$a 92 (Sandiaga) =090 ##$$a 92 (Sandiaga) $b Ira t =100 ##$$a Ira Puspito Rini =245 ##$$a True spirit sandiagi Uno / $c Irx Puspito Rini =250 ##$$a Cet. 2 =260 ##$$a Jogyakarta : $b Lamafa Publika, $c 2013 =300 ##$$a vii, 142 hlm. ; $c 21 cm. =650 ##$$a Sandiago Uno =990 ##$$a 21403572